000 00627nam a2200217Ia 4500
003 BUBTL
008 151213s9999 xx 000 0 und d
020 _a0-471-66944-x
082 _a658.30/PAM
100 _aT. H. Patten
_93116
245 _aManpower Planning & The Development of Human Resource
_cT. H. Patten
260 _aLondon
_ba Divison of John Wiky
_c1971
300 _a[x], 737p . :
_bill . ; 22cm
500 _aIncludes Index
650 _aManagement
_93117
650 _aManagement
_93117
700 _aT. H. Patten
_93116
856 _k0
_l0
_yDownload
942 _2ddc
_cBK
999 _c1740
_d1740